UFL Teams Logos 2025 - Statistics

General Stats
  • This quiz has been taken 29 times
  • The average score is 6 of 8
Answer Stats
Picture Answer % Correct
St. Louis Battlehawks
84%
Birmingham Stallions
80%
D.C. Defenders
80%
Arlington Renegades
76%
Houston Roughnecks
76%
Michigan Panthers
72%
Memphis Showboats
68%
San Antonio Brahmas
68%
No matching quizzes found
Score Distribution
Percent of People with Each Score
Percentile by Number Answered
Your Score History
You have not taken this quiz